| 000 | 00502cam a2200193ua 4500 | ||
|---|---|---|---|
| 001 | 12018 | ||
| 008 | 200106n ii |||gr||||Z||||||eng | ||
| 020 | _a9789382126553 | ||
| 040 | _cMAIN | ||
| 082 | _a331.702 | ||
| 100 |
_aAmalendu Solanki, _eAuthor. |
||
| 245 |
_aMAIN information in career guidance and counselling _cBy Amalendu Solanki |
||
| 250 | _a1st ed. | ||
| 260 |
_aNew Delhi: _bAstha publishers, _c2014. |
||
| 300 | _a272p. | ||
| 653 | _aLabor economics | ||
| 653 | _aMAIN | ||
| 942 | _cBK | ||
| 999 |
_c10802 _d10802 |
||